| 000 | 00742nam a22002297a 4500 | ||
|---|---|---|---|
| 007 | 00 | ||
| 008 | 160614b xxu||||| |||| 00| 0 eng d | ||
| 020 | _a978-2-10-059880-9 | ||
| 040 |
_aBUAC _cBUC |
||
| 041 | _aFre. | ||
| 100 | _aPetit, François | ||
| 245 |
_aIntroduction à la psychosociologie des organisations _c/ par François Petit, Michel Dubois |
||
| 250 |
_a3e éd. _bentièrement revue et corrigée |
||
| 260 |
_aParis : _bDunod, _c1998 |
||
| 300 |
_a288 p. _c24 cm. |
||
| 440 | _a(Psycho Sup) | ||
| 521 | _aBibliogr.pp.(269 - 278) Index des auteurs pp. (279 -283) et Index des matières pp.(285 - 288) | ||
| 630 | _aPHILOSOPHIE-PSYCHOLOGIE | ||
| 650 | _aPschologie Social | ||
| 700 | _aDubois, Michel | ||
| 942 | _cLIVR | ||
| 999 |
_c54569 _d54569 |
||